000 00522nam a22001937a 4500
008 140629b xxu||||| |||| 00| 0 eng d
020 _a9-7802-3027-5997
082 _222 ed.
_a346.059 WEB
100 _aWebb, Charlie
245 _aTrusts law /
_c Charlie Webb and Tim Akkouh
250 _a2 ed.
260 _aNY :
_bPalgrave macmillan law masters
_c2011
300 _axxi, 393 P. ;
_c23 cm.
500 _aIncludes Index
650 _aTrusts
650 _aTrusts law
700 _aAkkouh, Tim
942 _2ddc
_cBK
999 _c5890
_d5890